Thanksgiving Food! - Statistics

General Stats
  • This quiz has been taken 78 times
  • The average score is 9 of 15
Answer Stats
Hint Answer % Correct
A famous meat Turkey
100%
Meat Ham
95%
Dessert Pumpkin Pie
94%
Side Mashed Potato
91%
A bread eaten often Dinner Roll
78%
Side Stuffing
75%
Side Cranberry Sauce
72%
Side Green Bean Casserole
58%
Side Gravy
51%
Side Candied Yams
48%
Side Corn Bread
42%
Dessert Ice Cream
31%
Side Sweet Potato Casserole
23%
Side Brussel Sprouts
14%
Drink Punch
9%
No matching quizzes found
Score Distribution
Percent of People with Each Score
Percentile by Number Answered
Your Score History
You have not taken this quiz